[Event "Centrocoop June op-A"]
[Site "Eforie Nord"]
[Date "1999.06.??"]
[Round "?"]
[White "Gordin, Artiom"]
[Black "Mosnegutu, Mariana"]
[Result "1-0"]
[WhiteElo "2134"]
[BlackElo "2227"]
[PlyCount "133"]
[EventDate "1999.06.??"]
[EventType "swiss"]
[EventRounds "11"]
[EventCountry "ROU"]
[SourceTitle "EXT 2004"]
[Source "ChessBase"]
[SourceDate "2003.11.25"]
[SourceVersion "1"]
[SourceVersionDate "2003.11.25"]
[SourceQuality "1"]

1. d4 Nf6 2. c4 e6 3. Nc3 Bb4 4. Bg5 h6 5. Bh4 0-0 6. e3 b6 7. Qf3 Nc6 8. Bxf6 Qxf6 9. Qxf6 gxf6 10. Rc1 f5 11. Nf3 Bb7 12. a3 Be7 13. Bd3 Bf6 14. Ne2 Ne7 15. c5 Kh8 16. Nf4 Ng6 17. Nh5 Be7 18. cxb6 cxb6 19. Bb5 Rac8 20. Kd2 Bc6 21. Bxc6 dxc6 22. Ke2 Bd6 23. Rhg1 c5 24. dxc5 Bxc5 25. Nf6 Rfd8 26. g4 Be7 27. gxf5 Bxf6 28. fxg6 Bxb2 29. Rxc8 Rxc8 30. gxf7 Rf8 31. Rg6 Kh7 32. Rxe6 Rxf7 33. a4 Rc7 34. Kd3 Rc3+ 35. Kd2 Ra3 36. Re7+ Bg7 37. Rxa7 Ra2+ 38. Kd3 Rxf2 39. Ke4 Rb2 40. h3 Kg8 41. Nd4 Ra2 42. Kd5 Rh2 43. Nf5 Bf8 44. h4 Rd2+ 45. Ke6 Rd8 46. Kf6 Re8 47. h5 Rc8 48. e4 Rc6+ 49. Ke5 Rc5+ 50. Ke6 Rc6+ 51. Kd5 Rc5+ 52. Kd4 Rc1 53. e5 b5 54. Ra8 Rc4+ 55. Kd5 Rf4 56. Ne7+ Kg7 57. Ng6 Rxa4 58. Rxf8 Rg4 59. Rb8 Ra4 60. Rxb5 Ra6 61. Rc5 Ra1 62. Kd6 Rd1+ 63. Rd5 Ra1 64. Ke6 Ra6+ 65. Kd7 Kg8 66. Ne7+ Kh8 67. Nf5 1-0

[Event "Centrocoop June op-A"]
[Site "Eforie Nord"]
[Date "1999.06.??"]
[Round "?"]
[White "Gordin, Artiom"]
[Black "Pessi, Emil George"]
[Result "1-0"]
[WhiteElo "2134"]
[BlackElo "2284"]
[PlyCount "58"]
[EventDate "1999.06.??"]
[EventType "swiss"]
[EventRounds "11"]
[EventCountry "ROU"]
[SourceTitle "EXT 2004"]
[Source "ChessBase"]
[SourceDate "2003.11.25"]
[SourceVersion "1"]
[SourceVersionDate "2003.11.25"]
[SourceQuality "1"]

1. d4 e5 2. dxe5 Nc6 3. Nf3 Qe7 4. Bf4 h6 5. Nc3 g5 6. Bg3 Bg7 7. Nd5 Qd8 8. e6 d6 9. exf7+ Kxf7 10. c3 Nce7 11. Nxe7 Qxe7 12. e3 Nf6 13. Bc4+ Ke8 14. Qc2 Ne4 15. Nd2 Nf6 16. h4 d5 17. hxg5 hxg5 18. Rxh8+ Bxh8 19. Bb3 Be6 20. Qg6+ Kd7 21. Ba4+ c6 22. Qxg5 d4 23. cxd4 Rg8 24. Qa5 Ke8 25. Qxa7 Nh5 26. 0-0-0 Nxg3 27. fxg3 Bg7 28. Qb8+ Kf7 29. Rf1+ Bf6 1-0

[Event "Centrocoop June op-A"]
[Site "Eforie Nord"]
[Date "1999.06.??"]
[Round "?"]
[White "Nevednichy, Boris M"]
[Black "Gordin, Artiom"]
[Result "1-0"]
[WhiteElo "2314"]
[BlackElo "2134"]
[PlyCount "104"]
[EventDate "1999.06.??"]
[EventType "swiss"]
[EventRounds "11"]
[EventCountry "ROU"]
[SourceTitle "EXT 2004"]
[Source "ChessBase"]
[SourceDate "2003.11.25"]
[SourceVersion "1"]
[SourceVersionDate "2003.11.25"]
[SourceQuality "1"]

1. e4 e5 2. Nf3 Nc6 3. Bc4 Nf6 4. d3 Be7 5. 0-0 0-0 6. Bb3 d6 7. c3 Na5 8. Bc2 c5 9. Nbd2 Nc6 10. Re1 Qc7 11. Nf1 Be6 12. h3 Rad8 13. Qe2 Rfe8 14. Ng5 d5 15. exd5 Bxd5 16. Ne3 h6 17. Nxd5 Nxd5 18. Ne4 Qd7 19. Qf3 Bf8 20. Ng3 g6 21. h4 h5 22. Bg5 Be7 23. Ne4 f5 24. Bb3 Kg7 25. Rad1 b6 26. Ba4 Qb7 27. Bxc6 Qxc6 28. Nd2 Bxg5 29. hxg5 Qc7 30. g3 b5 31. Qe2 Re7 32. a3 Nb6 33. Nb3 c4 34. Nd4 a6 35. Nf3 cxd3 36. Rxd3 Rxd3 37. Qxd3 e4 38. Qd4+ Kh7 39. Nh4 Rd7 40. Qf6 Qd6 41. Qxd6 Rxd6 42. f3 Nc4 43. fxe4 fxe4 44. Rxe4 Nxb2 45. Re7+ Kg8 46. Rc7 Nc4 47. a4 Rd3 48. Kh2 Rd2+ 49. Kh3 Rd3 50. Kg2 Rxc3 51. Nxg6 Rc2+ 52. Kg1 Ne3 1-0

[Event "WUCC op U16"]
[Site "Istanbul"]
[Date "1998.??.??"]
[Round "?"]
[White "Akash, Deep"]
[Black "Gordin, Artiom"]
[Result "1-0"]
[WhiteElo "2210"]
[BlackElo "2080"]
[PlyCount "119"]
[EventDate "1998.??.??"]
[EventType "swiss"]
[EventRounds "10"]
[EventCountry "TUR"]
[SourceTitle "EXT 2007"]
[Source "ChessBase"]
[SourceDate "2006.11.23"]
[SourceVersion "1"]
[SourceVersionDate "2006.11.23"]
[SourceQuality "1"]

1. d4 d5 2. c4 e6 3. Nc3 Nf6 4. Nf3 Nbd7 5. e3 Be7 6. Bd3 0-0 7. e4 dxe4 8. Nxe4 Nxe4 9. Bxe4 c5 10. 0-0 Nf6 11. Bc2 b6 12. b3 Bb7 13. Bb2 cxd4 14. Nxd4 Qc7 15. Qe2 Rfe8 16. Rad1 Rad8 17. Nb5 Qc6 18. f3 a6 19. Nc3 e5 20. Ne4 Nxe4 21. Bxe4 Qc5+ 22. Kh1 Bxe4 23. Qxe4 f6 24. Bc1 Rxd1 25. Rxd1 Rd8 26. Rxd8+ Bxd8 27. Be3 Qd6 28. c5 bxc5 29. Qc4+ Kh8 30. Bxc5 Qd1+ 31. Bg1 Qd6 32. b4 h6 33. a4 Bc7 34. Qc5 Qxc5 35. Bxc5 Kg8 36. Ba7 Kf7 37. Bc5 g6 38. a5 Bb8 39. Kg1 Ke6 40. b5 Kd5 41. Be3 axb5 42. Kf2 Kc4 43. Ke2 Kb3 44. Kd3 b4 45. Bc5 Ka4 46. a6 b3 47. Kc3 e4 48. fxe4 Be5+ 49. Bd4 b2 50. a7 Bxd4+ 51. Kxd4 b1Q 52. a8Q+ Kb3 53. Qb7+ Ka2 54. Qxb1+ Kxb1 55. e5 fxe5+ 56. Kxe5 Kc2 57. Kf6 g5 58. Kg6 Kd3 59. Kxh6 g4 60. Kg5 1-0

[Event "Centrocoop June op-A"]
[Site "Eforie Nord "]
[Date "1998.??.??"]
[Round "?"]
[White "Gordin, Artiom"]
[Black "Kutnik, Alexandru"]
[Result "1-0"]
[WhiteElo "2080"]
[BlackElo "2270"]
[PlyCount "67"]
[EventDate "1998.06.??"]
[EventType "swiss"]
[EventRounds "11"]
[EventCountry "ROU"]
[SourceTitle "EXT 2000"]
[Source "ChessBase"]
[SourceDate "1999.11.16"]
[SourceVersion "1"]
[SourceVersionDate "1999.11.16"]
[SourceQuality "1"]

1. d4 c5 2. d5 e6 3. c4 exd5 4. cxd5 d6 5. Nc3 g6 6. e4 a6 7. a4 Bg7 8. h3 Nd7 9. Nf3 Ne7 10. Bd3 0-0 11. 0-0 Ne5 12. Nxe5 Bxe5 13. Bg5 f6 14. Be3 f5 15. f4 Bg7 16. e5 dxe5 17. d6 Nc6 18. Bc4+ Kh8 19. Bxc5 Bd7 20. Nd5 Qh4 21. Bf2 Qh6 22. Nc7 Rad8 23. Be6 exf4 24. Re1 Bf6 25. Bxd7 Rxd7 26. Ne6 Rg8 27. Nc5 Rf7 28. Qd5 Nd8 29. d7 Qg7 30. Rad1 Rff8 31. Ne6 Nxe6 32. Rxe6 Bxb2 33. d8Q Rxd8 34. Qxd8 1-0

[Event "Centrocoop June op-A"]
[Site "Eforie Nord "]
[Date "1998.??.??"]
[Round "?"]
[White "Vezdeutsan, Viorel"]
[Black "Gordin, Artiom"]
[Result "1/2-1/2"]
[WhiteElo "2240"]
[BlackElo "2080"]
[PlyCount "145"]
[EventDate "1998.06.??"]
[EventType "swiss"]
[EventRounds "11"]
[EventCountry "ROU"]
[SourceTitle "EXT 2000"]
[Source "ChessBase"]
[SourceDate "1999.11.16"]
[SourceVersion "1"]
[SourceVersionDate "1999.11.16"]
[SourceQuality "1"]

1. Nf3 d5 2. g3 Nf6 3. Bg2 Bf5 4. b3 e6 5. Bb2 h6 6. d3 Be7 7. Nbd2 0-0 8. 0-0 Bh7 9. Re1 c5 10. e4 Nc6 11. e5 Nd7 12. Qe2 Qc7 13. Nf1 d4 14. h4 h5 15. Bc1 Bf5 16. Bf4 Qc8 17. N1h2 f6 18. exf6 Nxf6 19. Bg5 g6 20. Nd2 Qc7 21. Nc4 Nd5 22. Bxe7 Ndxe7 23. Ne5 Rac8 24. Nhf3 Nd5 25. Nxc6 Qxc6 26. Ne5 Qc7 27. a4 Rce8 28. Nc4 Bg4 29. Qe5 Qf7 30. f4 Rd8 31. Rf1 Qf5 32. Be4 Qf6 33. Qxf6 Rxf6 34. Rae1 Bf5 35. Bf3 Rf7 36. Re2 b6 37. Rfe1 Nc3 38. Rf2 Kh7 39. Ne5 Rg7 40. Bg2 Rf8 41. Nf3 Re7 42. Rff1 Rfe8 43. Re5 a5 44. Rfe1 Kg7 45. Ng5 Kf6 46. Nf3 Nd5 47. Nd2 Nb4 48. Rc1 Na2 49. Rb1 Nb4 50. Rb2 Rd8 51. Nc4 Rb8 52. Na3 Ra8 53. Rb1 Rh8 54. Rbe1 Rhe8 55. R1e2 Bg4 56. Rf2 Bf5 57. Nc4 Rb8 58. Kf1 Rc7 59. Ke1 Bxd3 60. cxd3 Nxd3+ 61. Ke2 Nxf2 62. Kxf2 b5 63. axb5 Rxb5 64. Nd2 a4 65. Bf1 Rb4 66. Bc4 axb3 67. Rxe6+ Kg7 68. Bxb3 c4 69. Bxc4 Rbxc4 70. Nxc4 Rxc4 71. Re5 Rc3 72. Rg5 Rc2+ 73. Kf3 1/2-1/2